Normal view
MARC view
- ARMEY,DICK
Entry Personal Name
001 - CONTROL NUMBER
- control field: 133996
003 - CONTROL NUMBER IDENTIFIER
- control field: NUST
005 - DATE AND TIME OF LATEST TRANSACTION
- control field: 20260408143349.0
008 - FIXED-LENGTH DATA ELEMENTS
- fixed length control field: 260408|| aca||aabn | a|a d
040 ## - CATALOGING SOURCE
- Original cataloging agency: NUST
- Transcribing agency: NUST
100 ## - HEADING--PERSONAL NAME
- Personal name: ARMEY,DICK
670 ## - SOURCE DATA FOUND
- Source citation: Work cat.: (NUST): ARMEY,DICK., THE FREEDOM REVOLUTION THE NEW REPUBLICATION HOUSE MAJORITY LEADER TELLS WHY BIG GOVERNMENT FAILED,WHY FREEDOM WORKS AND HOW WE WILL REBUILD AMERICA /, 1995.
